000
00309nam a22001457a 4500
008
231102b ||||| |||| 00| 0 eng d
020
_a
0262023733
041
_a
eng
080
_a
573
082
_a
573BAR
100
_a
16
101
_a
BIOLOG
245
_a
EVOLUTION EXTENDED
_c
BARLOW.C
942
_2
udc
_c
BK
999
_c
60494
_d
60494